| 000 | 01029nam0a22002651 4500 | ||
|---|---|---|---|
| 001 | rc\581203 | ||
| 005 | 20260407135859.0 | ||
| 035 | _a(NLR Aleph) 005828878 | ||
| 090 |
_a5558712 _c5558712 |
||
| 100 | _a20031121d1987 |||y0rusy50 ca | ||
| 101 | 0 | _arus | |
| 102 | _aRU | ||
| 105 | _aa ||||||||| | ||
| 200 | 1 |
_aНОВЫЕ результаты геофизического изучения шельфа Гвинеи (Западная Африка) _f[О.М. Русаков, С.В. Карабович, Ю.В. Козленко и др.] |
|
| 210 |
_aКиев _cИГН _d1987 |
||
| 215 |
_a42 с. _cил. _d20 |
||
| 225 | 1 |
_aПрепринт _fАН УССР, Ин-т геол. наук _v87-38 |
|
| 320 | _aБиблиогр.: с. 40-41 | ||
| 701 | 1 |
_aРусаков _bО.М. _gОлег Максимович |
|
| 712 | 0 | 2 |
_aИнститут геологических наук _cКиев _9506840 _3RU\NLR\AUTH\8810004765 |
| 801 | 0 |
_aRU _bNLR _gpsbo |
|
| 801 | 1 |
_aRU _bELAR _2rusmarc |
|
| 852 |
_aNLR _j88-4/21140 |
||
| 942 | _cBOOK | ||
| 980 | _aNB | ||